000 00634nam a2200169 4500
008 171207b xxu||||| |||| 00| 0 eng d
020 _a0673398366
082 _21990
_aDC 530
_bW83
100 _924467
_aWolfson, Richard,author.
245 _aPhysics :
_b extended with modern physics /
_cRichard Wolfson, Jay M. Pasachoff.
260 _aGlenview :
_bScott, Foresman/Little, Brown Higher Education,
_c©1990.
300 _avii, 1250 pages :
_bcolored illustrations ;
_c26 cm.
500 _aIncludes bibliographical references and index.
650 0 _924469
_aPhysics.
700 _924470
_aPasachoff, Jay M., author.
942 _2ddc
_cDC
999 _c7958
_d7958